Proti revizionismu sborník statí o boji komunistických stran proti soudobému revizionismu

Gespeichert in:
Bibliographische Detailangaben
Format: Buch
Sprache:Tschechisch
Veröffentlicht: Praha SNPL 1959
Tags: Tag hinzufügen
Keine Tags, Fügen Sie das erste Tag hinzu!

MARC

LEADER 00000nam a2200000 4500
001 c123254
005 20181203150349.3
041 0 |a cze 
044 |a CZ 
245 1 0 |a Proti revizionismu  |b sborník statí o boji komunistických stran proti soudobému revizionismu 
264 1 |a Praha  |b SNPL  |c 1959 
300 |a 420 s.